Použití sklerálního aplikátoru J 125 v léčbě chorioidálního melanomu

Bibliographic Details
Main Author: Kreissig, Ingrid (Author)
Format: Article
Language:Czech
PhysicalDescription:Obr. 6. tab. 3, res. angl., čes., lit. 13 zázn. v angl., nem.
ISSN:0009-059X
Subjects:

MARC

LEADER 00000nab a2200000 a 4500
001 vtls000534262
003 SK-MaSNL
005 20260303010142.0
008 220422c1994 xo 0 cze
015 |a SNBRB19rr/mm-uuuuu 
035 |a CL0534400 
040 |a SNKBUCL  |b slo  |c SNKBUCL  |e AACR2 
041 0 |a cze 
044 |a xo  |c SK 
080 |a 617.723-006.81  |2 1981 
100 1 |a Kreissig, Ingrid  |4 aut  |9 987261 
245 1 0 |a Použití sklerálního aplikátoru J 125 v léčbě chorioidálního melanomu  |c Ingrid Kreissig 
300 |b Obr. 6. tab. 3, res. angl., čes., lit. 13 zázn. v angl., nem. 
650 0 7 |a chorioidea  |2 snkbucl  |9 987262 
650 0 7 |a melanómy  |2 snkbucl  |9 50845 
650 0 7 |a žiarič jódový lokálny  |2 snkbucl  |9 987263 
655 7 |a články z novín a časopisov  |2 snkbucl  |9 267496 
773 0 |t Československá oftalmologie  |g Roč. 50, č. 3 (1994), s. 135-144  |x 0009-059X 
850 |a Slovenská národná knižnica v Martine  |a MTA001 
852 |a SNK  |b KIS3GCP 
958 |a NB 
958 |a RK 
958 |a ME 
992 |a RBX 
999 |c 1585721  |d 1587651